000 00996cam a2200265 4500
001 ##L131394
002 ##8877
008 051028n2005 000 0 eng u
020 _a3980582485
035 _a(Sirsi) u131394
041 1 _ager
_aeng
050 0 4 _a333.3303 $2 18
100 1 _aSchulte, Karl-Werner
245 0 0 _aWorterbuch Immobilien-Wirtschaft
_bEnglisch - Deutsch, Deutsch-Englisch
_aReal estate dictionary
_bEnglish-German, German-English
260 _aWiesbaden
_bImmobilien Zeitung
_c2005
300 _aca. 600p.
_c20cm.
350 _a43.50
520 _aGerman and English dictionary intended as a tool for German-speaking real estate professionals and for property professionals active in German-speaking countries needing to explain the specific terminologies, methods and practices of the German and Austrian systems.
690 _aPROPERTY
700 1 _aLee, Anthony
700 1 _aPaul, Eduard
700 1 _aGier, Sonja
700 1 _aEvans, Alec H.
942 _n0
999 _c104741
_d104741